| 000 | 00636nam a2200241 a 4500 | ||
|---|---|---|---|
| 005 | 20140310183443.0 | ||
| 008 | 080919s19uu xx 00 eng d | ||
| 020 | _a9780071263276 | ||
| 050 |
_aHG 4026 _b.B667 2008 |
||
| 100 | _aBrealey, Richard A. | ||
| 245 | _aPrinciples of of corporate finance. / | ||
| 250 | _a9th ed. | ||
| 260 |
_aBoston, U.S.A : _bMcGraw-Hill, _c2008. |
||
| 300 |
_a976 p; _bill. ; _c26 cm.: |
||
| 521 | _aBSBA | ||
| 650 | _aFinance. | ||
| 650 |
_aCorporations _xFinance |
||
| 700 | _aMyers, Stewart C. | ||
| 700 | _aAllen, Franklin | ||
| 942 |
_cBK _2lcc _kFOR |
||
| 999 |
_c23187 _d23187 |
||